| 000 | 00473nam a2200181Ia 4500 | ||
|---|---|---|---|
| 003 | GCL | ||
| 008 | 140319s9999 xx 000 0 eng d | ||
| 040 |
_aGCL / _cGCL |
||
| 082 | 0 | 4 |
_a809.914.5 _bC R |
| 100 | 1 | _aCRANSTON, MAURICE | |
| 245 | 1 | 0 |
_aTHE ROMANTIC MOVEMENT / _cCRANSTON, MAURICE |
| 260 |
_a[S.N] : _bBLACKWELL PUBLISHERS ، _c1994 |
||
| 300 | _a169\P | ||
| 650 | 0 | 4 | _aLITERATURE |
| 650 | 0 | 4 | _aHISTORY AND CRITICISM |
| 650 | 0 | 4 | _aROMANTICISM |
| 942 |
_2ddc _cBK |
||
| 999 |
_c20971 _d20971 |
||